| 000 | 00717cam a2200265 4500 | ||
|---|---|---|---|
| 008 | 090401t1997 xxu||||| |||| 00| 0 eng d | ||
| 020 | _a1898001197 | ||
| 035 | _a(Sirsi) u77390 | ||
| 041 | _aeng | ||
| 050 | _a306.13 | ||
| 100 | _aHenderson, J. | ||
| 245 | _aRights to buy and acquire : law and practice in the management of social housing. | ||
| 260 |
_aLondon _bLemos & Crane _c1997 |
||
| 350 | _a17.95 | ||
| 490 | _aArden`s Housing Library | ||
| 650 | _aHOUSING ACT 1985 | ||
| 650 | _aRIGHT TO ACQUIRE | ||
| 650 | _aRIGHT TO BUY | ||
| 650 | _aSOCIAL HOUSING | ||
| 690 | _aHOUSING | ||
| 700 |
_aArden, Andrew _xEditor |
||
| 700 |
_aHunter, Caroline _xEditor |
||
| 942 | _n0 | ||
| 948 | _c25/03/1997 | ||
| 999 |
_c96299 _d96299 |
||